000 nam a22 a 4500
999 _c3594
_d3594
005 20170523115356.0
008 170523s1993 be ||||| |||| 00| 0 eng d
040 _aAKMAL
082 _a382.91 CUS
090 _a382.91
_bCUS
245 1 0 _aCustoms Operation Council /
_cWorld Customs Organization
260 _aBrussels;
_bWorld Customs Organization,
_c1994
300 _a13pages
_c30cm
500 _aIncludes listing of World Customs Organization's member.
650 1 0 _aCustoms Administration
_xLaw and legislation
_96000
710 _aWorld Customs Organization
_95917
942 _2ddc
_cBOOK
950 _lAKMAL